Využitie výpočtovej techniky v školstve : 8.celoštátna konferencia

Na minha lista:
Detalhes bibliográficos
Formato: Livro
Idioma:eslovaco
Publicado em: Bratislava : Dom techniky ČSVTS, 1986
Assuntos:
Tags: Adicionar Tag
Sem tags, seja o primeiro a adicionar uma tag!

MARC

LEADER 00000nam a22000003a 4500
001 stu44278
005 20150408180424.7
008 950220s1986----cs------------------slo-d
040 |a STU  |b slo 
041 0 |a slo 
044 |a cs 
080 |a 681.3 
080 |a 371(082) 
245 |a Využitie výpočtovej techniky v školstve :  |b 8.celoštátna konferencia 
260 |a Bratislava :  |b Dom techniky ČSVTS,  |c 1986 
300 |a 189 s 
650 7 |a Technika výpočtová  |2 stusub 
650 7 |a školstvo  |2 stusub 
650 7 |a zborníky  |2 stusub 
996 |b 284M035988  |c M*1758/8-1  |l MMKN  |s A  |a 24  |w stu44278_0001 
996 |b 284M035990  |c M*1758/8-3  |l MMKN  |s A  |a 24  |w stu44278_0002